000 00465nam a2200181Ia 4500
001 1563
005 20260306143737.0
008 260306t2000||||xx |||||||||||||| ||spa||
041 _aESP
082 _a150.985
_bA35
100 _aAlarcón, Reynaldo
_eAUT
245 0 _aHistoria de la psicología en el Perú:
_bde la colonia a la república
260 _c2000
300 _a334 páginas :
_c20 cm.
650 _aGEN
654 _aCPS
942 _cLIB
_dJUS
_fJUS
_2ddc
_n
999 _c1563
_d1563